000 00899nas a2200277 4500
001 BR2013003435
003 BR-BrBNA
005 20231205122250.0
007 ta
008 230509b bl.|||p| |||| 00| 00por d
040 _aBR-BrBNA
_bpor
_cBiblioteca Nacional de Agricultura
041 _a(Pt)
072 _aL73
100 1 _aMagalhães, V.C.S. de
100 1 _aCosta, S.C.L.
100 1 _aOliveira, U.V. de
100 1 _aAlmeida, C.P. de
100 1 _aMunhoz, A.D.
245 1 _aAvaliação de um único exame sorológico na triagem de bovinos mestiços expostos à Neospora caninum
650 _aGADO LEITEIRO
650 _aNEOSPORA CANINUM
650 _aIMUNOFLUORESCÊNCIA
773 0 _tRevista Brasileira de Medicina Veterinária (Brazil)
_xISSN 0100-2430
_g(Jul-Sep 2012), v. 34(3) p. 247-250
_wBR2013003435
909 _a202311
_bLúcia
_c55
_dLúcia Elande
942 _2AGRIS
_n0
_cANA
999 _c227777
_d227777